Nový zákon o múzeách a galériách

Bibliographic Details
Main Author: Podušelová, Gabriela, 1953- (Author)
Format: Article
Language:Slovak
PhysicalDescription:Fotogr.
ISSN:0027-5263
Subjects:

MARC

LEADER 00000nab a2200000 a 4500
001 vtls009960098
003 SK-MaSNL
005 20260426095554.0
008 250506|2009 xo |||||||||||1|| b|slo
015 |a SNBRA2009/10  |2 snkbucl 
035 |a (uuid)d03f4612-1aac-4571-889e-7e19ff761e4b 
035 |a urn:nbn:sk:snk-ab2onp 
035 |a (urnnbn)urn:nbn:sk:snk:ar-a02pf8 
038 |a SNKBUCL 
040 |a SNKBUCL  |b slo  |c SNKBUCL  |e AACR2 
041 0 |a slo  |b eng 
044 |a xo  |c SK 
080 |a 069:34  |x (437.6)  |x "2009"  |2 2001 
080 |a 72/76:069:34  |x (437.6)  |x "2009"  |2 2001 
100 1 |a Podušelová, Gabriela,  |d 1953-  |4 aut  |9 197605 
245 1 0 |a Nový zákon o múzeách a galériách  |c Gabriela Podušelová 
300 |b Fotogr. 
546 |a Res. angl. 
648 7 |a 2009  |2 snkbucl  |9 320114 
650 0 7 |a múzeá  |2 snkbucl  |9 4119 
650 0 7 |a galérie  |2 snkbucl  |9 21513 
650 0 7 |a zákony  |2 snkbucl  |9 1156 
651 7 |a Slovensko  |2 snkbucl  |9 14231 
773 0 |t Múzeum  |g Roč. LV, č. 3 (2009), s. 1-3  |x 0027-5263 
850 |a Slovenská národná knižnica 
852 |a Slovenská národná knižnica 
954 |a odborná, vedecká literatúra pôvodná (slovenská)  |2 lita 
958 |a article27 
958 |a OND 
958 |a EUIPO 
999 |c 3169709  |d 3171639